| 000 | 01002cam a22001934a 4500 | ||
|---|---|---|---|
| 005 | 20250605164358.0 | ||
| 008 | 250528s ||||||||||||||||||||||||d | ||
| 035 | _a24465 | ||
| 040 |
_aGR-AtMCL _bgre _dGR-AtMCL _eAACR2 |
||
| 245 | 1 | _aΠεριεχόμενο και Brand πρέπει να Μοιράζονται τις Ίδιες Αξίες | |
| 260 | _c2016 | ||
| 300 | _a42 | ||
| 520 | _aΗ Εκπαίδευση της Αγοράς το Κλειδί για την Ανάπτυξη, 'Πυρετός' Διαβουλεύσεων Ενόψει Εφαρμογής του Νόμου περί Απευθείας Τιμολόγησης, Ad Avoidance και 'Appified' TV στο Προσκήνιο, Το B2B Marketing Γίνεται όλο και πιο 'Προσωπικό', Η Πιστότητα Περνάει από την Επιβράβευση. | ||
| 700 | 1 |
_aΚορδελάς Δημήτρης _99464 |
|
| 942 | _cCR | ||
| 710 | 2 |
_aThe Marketing Week _99825 |
|
| 999 |
_c9344 _d9344 |
||